Aby prekvitalo a rástlo Božie dielo

Podrobná bibliografia
Hlavný autor: jkš (Author)
Médium: Článok
Jazyk:Slovak
Témy:
Zdroj: 1. Evanjelický posol spod Tatier 1. Roč. 90, č. 34(2000), s. 1
LEADER 00774nab#a2200301#ar4500
001 000034921
003 SVKKK
005 00000000000000.0
008 c xo e sloo
FMT
038 |a SVKKK 
040 |a SVKKK  |b slo  |e AACR2 
041 0 |a slo 
044 |a xo  |c SK 
080 |a 284.  |2 1981 
100 0 |a jkš  |4 aut 
245 1 0 |a Aby prekvitalo a rástlo Božie dielo  |c jkš , 
650 0 4 |a Cirkev evanjelická a. v. 
650 0 4 |a dištrikt východný, Prešov 
650 0 4 |a konvent  |x zmeny personálne  |x účastníci  |x priebeh  |x informácie 
773 0 |t Evanjelický posol spod Tatier  |g Roč. 90, č. 34(2000), s. 1 
957 |a Prešov 
958 |a PO 
974 |d 001012  |a SAB 
992 |a RBX 
BAS
852 |a SVKKK  |b BIB 
998 |a REG